Geology and mineral resources, Benta Area, Pahang

Bibliographic Details
Main Author: PROCTER
Format: Book
Published: Kuala Lumpur : Ministry of Primary Industries , [1980]
Series:Geological survey of Malaysia; map bulletin 4
Subjects:

MARC

LEADER 00000cam a2200000 7i4500
001 0000002763
005 20040107.0
090 0 0 |a R555.5951123   |b PRO 1980 
100 1 0 |a PROCTER   |h W. D. 
245 1 0 |a Geology and mineral resources, Benta Area, Pahang   |c by W.D. Procter 
260 0 0 |a Kuala Lumpur :   |b Ministry of Primary Industries ,   |c [1980] 
300 |a 24, [1] p. :   |b ill., maps ;   |c 25 cm. 
440 0 0 |a Geological survey of Malaysia; map bulletin 4 
500 0 0 |a Bibliography : p. [25] 
650 0 0 |a Geology   |z Malaysia   |z Pahang 
650 0 0 |a Mines and natural resources   |z Benta, Pahang 
998 |a JPSM 
999 |a 0000004399   |b Monograph   |c Reference   |e Default branch